Rozsypanka literowa - Stolice województw - Statystyki

Ogólne statystyki
  • Ten quiz został rozwiązany 44 razy
  • Średni wynik to 17 z 18
Statystyki odpowiedzi
Stolica % Poprawnych
Bydgoszcz
98%
Gdańsk
98%
Kielce
98%
Kraków
98%
Łódź
98%
Lublin
98%
Opole
98%
Poznań
98%
Toruń
98%
Warszawa
98%
Wrocław
98%
Białystok
95%
Rzeszów
95%
Katowice
93%
Olsztyn
93%
Szczecin
93%
Zielona Góra
88%
Gorzów Wielkopolski
83%
Nie znaleziono quizów pasujących do podanych kryteriów
Rozkład punktacji
Procent ludzi z każdym wynikiem
Percentyl według liczby udzielonych odpowiedzi
Twoja historia wyników
Nie rozwiązałeś tego quizu